000 00594nam a2200229 i 4500
001 103592
003 ES-MaACL
005 20230906183414.0
007 t|
008 060419s1984 sp ||||1| spa d
020 _a84-320-4235-8
080 _a821.134.2-31"19"
100 1 _aPgarcía.
_991645
245 1 0 _aMemorias de Franco /
_cPgarcía.
250 _a1ª ed.
260 _a[Barcelona] :
_bPlaneta,
_c1984.
300 _a217 p. ;
_c18 cm.
490 1 _aFábula ;
_v135
830 0 _aFábula ;
_v135
_9179737
852 _aES-MaACL
_jC-56838
_bR.130895
999 _c103592
_d103592